Wird geladen...

Library automation/

Bibliographische Detailangaben
1. Verfasser: Manohar Nanda
Format: Printed Book
Sprache:English
Veröffentlicht: New Delhi: Anmol, 2006
LEADER 00514nam a22001577a 4500
003 OSt
005 20200624124457.0
008 160826b xxu||||| |||| 00| 0 eng d
082 |a 020.285 NAN/L 
100 |a Manohar Nanda  
245 |a Library automation/  |c Manohar Nanda  
260 |a New Delhi:  |b Anmol,  |c 2006 
300 |a 316p. 
942 |2 ddc  |c BK 
999 |c 330514  |d 330514 
952 |0 0  |1 0  |2 ddc  |4 0  |6 020_285000000000000_NAN_L  |7 0  |9 377111  |a CSC  |b CSC  |c ST1  |d 2016-08-26  |i 12453  |l 0  |o 020 285 NAN/L  |p CSC12453  |r 2016-08-26  |w 2016-08-26  |y BK